000 00285nam a2200109 4500
999 _c9919
_d9919
008 180723b ||||| |||| 00| 0 eng d
245 _aCommunity-based tourism pushed.
260 _aDavao City
_bSun Star Davao
_cc2016
300 _apage 2.
650 0 _929295
_aTourism.
942 _2ddc
_cPER